| 000 -LEADER |
| fixed length control field |
00362cam a22001097a 4500 |
| 008 - FIXED-LENGTH DATA ELEMENTS--GENERAL INFORMATION |
| fixed length control field |
180718b1971 xxu||||| |||| 00| 0 eng d |
| 082 ## - DEWEY DECIMAL CLASSIFICATION NUMBER |
| Classification number |
OA03x5452 T152 C.2 |
| 245 ## - TITLE STATEMENT |
| Title |
The Tamil Nadu parks Play-fields and open speces act,1959 |
| Statement of responsibility, etc. |
By Government of Tamil Nadu |
| 260 ## - PUBLICATION, DISTRIBUTION, ETC. |
| Place of publication, distribution, etc. |
Madras |
| Name of publisher, distributor, etc. |
Government of Tamil Nadu |
| Date of publication, distribution, etc. |
1971 |
| 300 ## - PHYSICAL DESCRIPTION |
| Extent |
7p |
| 650 ## - SUBJECT ADDED ENTRY--TOPICAL TERM |
| Topical term or geographic name entry element |
Government of Tamil Nadu |